Chanson ninho- mort subite - Statistiques

Statistiques générales
  • Ce quiz a été pris 473 fois
  • Le résultat moyen est 6 sur 9
Answers on the Grid
Answers color-coded by a green-red scale on the quiz's grid according to % correct below.
Sourire
Coco
Chasse à l’homme
Collabo
Medicament
Zipette
Macaroni
Carla Bruni
Salé
Train de vie
Mamacita
Madrina
Mama
Putana
Tout en Gucci
Ciao
 
Statistiques - réponses
Réponse % Correct
Zipette
82%
Putana
73%
Sourire
73%
Tout en Gucci
70%
Macaroni
69%
Mamacita
67%
Coco
64%
Collabo
59%
Ciao
41%
Aucun quiz correspondant
Distribution des résultats
% des personnes avec chaque résultat
Percentile par nombre de réponses
Votre historique - résultats
Vous n’avez pas pris ce quiz